[Event "Chigorin Memorial 17th"]
[Site "St Petersburg"]
[Date "2009.10.16"]
[Round "1"]
[White "Karzev, Evgeny"]
[Black "Simonian, Hrair"]
[Result "0-1"]
[WhiteElo "2145"]
[BlackElo "2513"]
[PlyCount "116"]
[EventDate "2009.10.16"]
[EventType "swiss"]
[EventRounds "9"]
[EventCountry "RUS"]
[SourceTitle "CBM 132 Extra"]
[Source "ChessBase"]
[SourceDate "2009.11.03"]
[SourceVersion "1"]
[SourceVersionDate "2009.11.03"]
[SourceQuality "1"]

1. Nf3 Nf6 2. g3 b6 3. Bg2 Bb7 4. 0-0 e6 5. d3 d5 6. Nbd2 Be7 7. e4 c5 8. e5 Nfd7 9. h4 Nc6 10. Re1 Qc7 11. Qe2 0-0-0 12. c3 h6 13. h5 Rdg8 14. Nf1 g6 15. hxg6 Rxg6 16. Bf4 h5 17. N1h2 Rhg8 18. Bh3 Kb8 19. a3 h4 20. d4 hxg3 21. fxg3 c4 22. Qe3 Nf8 23. Re2 Nh7 24. Bf1 Ng5 25. Nxg5 Bxg5 26. Rg2 Bd8 27. Be2 Ne7 28. g4 Nf5 29. Qf2 Nh4 30. Rg3 R6g7 31. Rh3 Ng6 32. Bd2 Bc6 33. Bd1 Qd7 34. a4 a5 35. Rh5 Qe8 36. Kf1 f6 37. exf6 Bxf6 38. Nf3 Kb7 39. Qh2 Bd8 40. Be1 Rf7 41. Kg1 Nf4 42. Rh7 Rxg4+ 43. Kh1 Rxh7 44. Qxh7+ Ka8 45. Nh2 Rg8 46. Bg4 Rh8 47. Qg7 Nh5 48. Bxh5 Qxh5 49. Bg3 Rh7 50. Qg8 Kb7 51. Rf1 Bc7 52. Bxc7 Kxc7 53. Qg3+ Kb7 54. Re1 Bxa4 55. Rxe6 Bc2 56. Kg1 Be4 57. Re5 Qd1+ 58. Nf1 Rh1+ 0-1